000 00994cam a22003137a 4500
003 CHAP
005 20220329141432.0
008 971013s1953 us a r 00010 eng d
010 _a68084
011 _a69056
035 _a78530
040 _cCHAP
100 0 0 _aHaramoto, Frank Hiroshi.
_952618
245 1 4 _aThe biology of Opius oophilus Fullaway (Braconidae - Hymenoptera)
260 _aHonolulu :
_bThe Autor,
_c1953
300 _a66 h.
_b: ilus.
590 _aBATCH-UPD
_b10
_c20130110
_lUCH01
_h0234
590 _aBATCH-UPD
_b10
_c20130110
_lUCH01
_h0826
590 _aBATCH-UPD
_b10
_c20130409
_lUCH01
_h2258
590 _aBATCH-UPD
_b10
_c20130914
_lUCH01
_h0746
590 _aCONVERSION
_b10
_c20130109
_lUCH01
_h1337
650 1 4 _aBraconidae.
_914939
650 1 4 _aControl biológico de insectos.
_927582
650 1 4 _aInsectos parásitos y predatores.
_958961
650 1 4 _aOpius oophilus.
_983371
901 _aBK
942 _cTESIS
949 _bBC
_cTES
_d-31404
_eTS1
_h18568
_i78530
_si
999 _c68084
_d68084